| 000 | 02501nam a22002537a 4500 | ||
|---|---|---|---|
| 003 | BJBSDDR | ||
| 005 | 20260424115326.0 | ||
| 007 | ta | ||
| 008 | 260424s2025 nyu||||| |||| 00| 0 eng d | ||
| 020 | _a9781250354945 | ||
| 020 | _a1250354943 | ||
| 040 |
_bspa _cBJBSDDR |
||
| 041 | _aeng | ||
| 050 | _bW733 2025 | ||
| 100 |
_aWillink, Jocko, _d1971- _935496 |
||
| 245 | 1 | 4 |
_aThe dichotomy of leadership : _bbalancing the challenges of extreme ownership to lead and win / _cJocko Willink, |
| 250 | _aExpanded edition | ||
| 260 |
_aNew York : _bSt. Martin's Press, _c2025 |
||
| 300 |
_a336 pages : _billustrations ; _c22 cm |
||
| 520 | _aMore than three million readers of Extreme Ownership learned to apply combat-proven leadership lessons from authors Jocko Willink and Leif Babin. Now, in the new edition of the sequel, Willink and Babin dive deeper into the most challenging aspect of leading people: The Dichotomy of Leadership. This most difficult―and essential― element of leadership requires finding the balance between the forces that pull at every leader in opposite directions. Humbling lessons learned in combat and in teaching leadership to the next generation of SEAL leaders, highlighted for the authors with crystal clarity what works and what doesn’t. As leadership consultants to over 1600 companies and organizations across the U.S. and multiple countries, they have worked with thousands of leaders across the full spectrum of industries in the business world. Through dynamic examples from their combat and training experiences in the SEAL Teams and vignettes from the business arena, Willink and Babin demonstrate how each leadership concept applies on the battlefield, in business, and in life. With a new Foreword and Q&A section, this revised edition of Dichotomy provides the crucial insight and awareness necessary for leaders to understand when to lead and when to follow, when to focus and when to detach, when to tighten the reins and when to let the team run, when to aggressively maneuver and when to be prudent. In The Dichotomy of Leadership, the authors deliver a book that rivals Extreme Ownership with life-changing guidance that should be essential reading for every leader and every team for generations. Understanding how to maintain balance enables leaders to most effectively lead, accomplish their mission, and achieve the ultimate goal of every team: Victory. | ||
| 700 | 1 |
_aBabin, Leif _935499 |
|
| 942 |
_2lcc _n0 _cBK |
||
| 946 | _icmc | ||
| 999 |
_c126919 _d126919 |
||